| 000 | 00940nam a22002417a 4500 | ||
|---|---|---|---|
| 005 | 20101206113148.0 | ||
| 008 | 101206t xxu||||| |||| 00| 0 hin d | ||
| 010 | _aHIN-91406 | ||
| 020 |
_c200.00 _a9788177112610 |
||
| 035 | _aHN-63752 | ||
| 037 | _bDBAD/PUB | ||
| 040 |
_aDPL _bHN |
||
| 100 |
_924598 _aजोशी, विजय |
||
| 245 |
_aसमीक्षा के पथ पर / _cविजय जोशी |
||
| 260 |
_aजयपुर _bसाहित्यागार _c2011 |
||
| 270 |
_bजयपुर _aधामाणी मार्केट की गली, चौड़ा रास्ता |
||
| 300 |
_a160पृ. _c22सेमी (सजिल्द) |
||
| 650 | _91169 | ||
| 700 | _924599 | ||
| 700 | _924924 | ||
| 942 |
_2ddc _cHN _mजोशीवि |
||
| 999 |
_c49550 _d49550 |
||